| 000 -LEADER |
| fixed length control field |
01810cam a22003854a 4500 |
| 001 - CONTROL NUMBER |
| control field |
14364520 |
| 005 - DATE AND TIME OF LATEST TRANSACTION |
| control field |
20170127152332.0 |
| 008 - FIXED-LENGTH DATA ELEMENTS--GENERAL INFORMATION |
| fixed length control field |
060504s2006 hiuab b 001 0 eng |
| 010 ## - LIBRARY OF CONGRESS CONTROL NUMBER |
| LC control number |
2006015042 |
| 020 ## - INTERNATIONAL STANDARD BOOK NUMBER |
| International Standard Book Number |
9780824821517 (hardcover : alk. paper) |
| 020 ## - INTERNATIONAL STANDARD BOOK NUMBER |
| International Standard Book Number |
0824821513 (hardcover : alk. paper) |
| 035 ## - SYSTEM CONTROL NUMBER |
| System control number |
(OCoLC)ocm68624088 |
| 035 ## - SYSTEM CONTROL NUMBER |
| System control number |
(OCoLC)68624088 |
| 040 ## - CATALOGING SOURCE |
| Original cataloging agency |
DLC |
| Transcribing agency |
DLC |
| Modifying agency |
YDX |
| -- |
BAKER |
| -- |
BTCTA |
| -- |
YDXCP |
| -- |
COO |
| -- |
PUL |
| -- |
IXA |
| -- |
DLC |
| 042 ## - AUTHENTICATION CODE |
| Authentication code |
pcc |
| 043 ## - GEOGRAPHIC AREA CODE |
| Geographic area code |
a-cc--- |
| 050 00 - LIBRARY OF CONGRESS CALL NUMBER |
| Classification number |
NA1546 |
| Item number |
.S66R83 2006 |
| 100 1# - MAIN ENTRY--PERSONAL NAME |
| Personal name |
Ruan, Xing, |
| Dates associated with a name |
1965- |
| 245 10 - TITLE STATEMENT |
| Title |
Allegorical architecture : |
| Remainder of title |
living myth and architectonics in southern China / |
| Statement of responsibility, etc. |
Xing Ruan. |
| 246 30 - VARYING FORM OF TITLE |
| Title proper/short title |
Living myth and architectonics in southern China |
| 260 ## - PUBLICATION, DISTRIBUTION, ETC. (IMPRINT) |
| Place of publication, distribution, etc. |
Honolulu : |
| Name of publisher, distributor, etc. |
University of Hawai'i Press, |
| Date of publication, distribution, etc. |
c2006. |
| 300 ## - PHYSICAL DESCRIPTION |
| Extent |
xiii, 219 p. : |
| Other physical details |
ill., maps ; |
| Dimensions |
27 cm. |
| 490 1# - SERIES STATEMENT |
| Series statement |
Spatial habitus |
| 504 ## - BIBLIOGRAPHY, ETC. NOTE |
| Bibliography, etc |
Includes bibliographical references (p. 191-214) and index. |
| 650 #0 - SUBJECT ADDED ENTRY--TOPICAL TERM |
| Topical term or geographic name as entry element |
Architecture, Dong. |
| 650 #0 - SUBJECT ADDED ENTRY--TOPICAL TERM |
| Topical term or geographic name as entry element |
Ethnic architecture |
| Geographic subdivision |
China, Southwest. |
| 650 #0 - SUBJECT ADDED ENTRY--TOPICAL TERM |
| Topical term or geographic name as entry element |
Vernacular architecture |
| Geographic subdivision |
China, Southwest. |
| 650 #0 - SUBJECT ADDED ENTRY--TOPICAL TERM |
| Topical term or geographic name as entry element |
Symbolism in architecture |
| Geographic subdivision |
China, Southwest. |
| 830 #0 - SERIES ADDED ENTRY--UNIFORM TITLE |
| Uniform title |
Spatial habitus (Series) |
| 856 41 - ELECTRONIC LOCATION AND ACCESS |
| Materials specified |
Table of contents only |
| Uniform Resource Identifier |
<a href="http://www.loc.gov/catdir/toc/ecip0613/2006015042.html">http://www.loc.gov/catdir/toc/ecip0613/2006015042.html</a> |
| 942 ## - ADDED ENTRY ELEMENTS (KOHA) |
| Source of classification or shelving scheme |
|
| Koha item type |
Hard Covered Materials |
| Classification part |
NA1546 .S66R83 2006 |